Analýza prúdenia chladiva vo výstupnej časti fyzikálneho modelu palivovej kazety II. jadrového reaktora
Enregistré dans:
| Auteur principal: | |
|---|---|
| Autres auteurs: | |
| Format: | Manuscrit Livre |
| Langue: | slovaque |
| Publié: |
2018
|
| Sujets: | |
| Accès en ligne: | http://is.stuba.sk/zp/portal_zp.pl?podrobnosti=132209 |
| Tags: |
Pas de tags, Soyez le premier à ajouter un tag!
|
MARC
| LEADER | 00000ntm a22000003a 4500 | ||
|---|---|---|---|
| 001 | stuzp59850 | ||
| 003 | SK-STU | ||
| 005 | 20180919110844.6 | ||
| 007 | ta | ||
| 008 | 150427s2015----xo-----f-mn---000-0-slo-d | ||
| 040 | |a STU |b slo | ||
| 041 | 0 | |a slo | |
| 100 | 1 | |a Závodný, Zdenko |u 020060 |k Z3 |4 aut |U SjF Strojnícka fakulta |T SjF Ústav energetických strojov a zariadení |X 50330 |U J0060 |Y 805 |7 A000050330 | |
| 242 | 0 | 1 | |a Analysis of coolant flow in the outlet part of the physical model of the fuel assembly II. of nuclear reactor |y eng |
| 245 | 1 | 0 | |a Analýza prúdenia chladiva vo výstupnej časti fyzikálneho modelu palivovej kazety II. jadrového reaktora |
| 260 | |c 2018 | ||
| 300 | |a 142 s. |b CD | ||
| 650 | 4 | |a fyzikálny model |2 slo | |
| 650 | 4 | |a palivová kazeta |2 slo | |
| 650 | 4 | |a prúdenie vody |2 slo | |
| 650 | 4 | |a jadrový reaktor |2 slo | |
| 650 | 4 | |a fuel assembly |2 eng | |
| 650 | 4 | |a coolant flow |2 eng | |
| 650 | 4 | |a nuclear reactor |2 eng | |
| 650 | 4 | |a physical model |2 eng | |
| 700 | 1 | |a Urban, František |u 020060 |k Z1 |4 ths |U SjF Strojnícka fakulta |T SjF Ústav energetických strojov a zariadení |X 2435 |U J0060 |Y 805 |7 A000002435 | |
| 856 | 4 | |u http://is.stuba.sk/zp/portal_zp.pl?podrobnosti=132209 | |
| 996 | |b 284J045633 |c J* 118429 |l JJST |s P |a 0 |w stuzp59850_0001 | ||